| Registos Bibliográficos associados ao registo de autoridade |
|
Etiqueta de registo: 00254nam 2200025 450 001 2287938 003 http://id.bnportugal.gov.pt/bib/catbnp/2287938 100 ## $a20260616d2025 k y0pory01030103ba 101 0# $aeng$dpor 102 ## $aPT 105 ## $aa m 000yy 106 ## $ar 200 1# $aApproaches for banana harvesting automation$fPreety Baglat$gorient. Fernando Morgado-Dias, Fábio Mendonça, Sheikh Shanawaz Mostafa 210 #9 $aFunchal$c[s.n.],$d2025 215 ## $aXVII, 163 p.$cil.$d30 cm 328 #1 $aTese doutoramento Engenharia Informática (Inteligência Artificial), Universidade da
Madeira, 2025 700 #1 $aBaglat,$bPreety $32000668 702 #1 $aDias,$bFernando Morgado$4727$31732385 702 #1 $aMendonça,$bFábio Rúben Silva$4727$31824755 702 #1 $aMostafa,$bSheikh Shanawaz$4727$31809805 801 #0 $aPT$bBN$gRPC 966 ## $lBN$mFGMON$x1 971 ## $cjbeatriz$d20260616
|
|
|